مدخل إلى فلسفة الحضارة الإنسانية ،أو، مقال فى الإنسان / (Record no. 14545)
[ view plain ]
| 000 -الفاتح | |
|---|---|
| حقل البيانات ثابتة الطول | 01055nam a22002057a 4500 |
| 008 - عناصر البيانات ثابتة الطول - معلومات عامة | |
| حقل البيانات ثابتة الطول | 100725s1961 xxu||||| |||| 00| 0 ara d |
| 082 ## - رقم تصنيف ديوى العشرى | |
| رقم الطبعة | 22 |
| رقم التصنيف | 128 |
| رقم المادة | ك ا س |
| 100 1# - المدخل الرئيسى - إسم شخصى | |
| 9 (RLIN) | 17456 |
| الإسم الشخصى | كاسيترر ، أرنست |
| 245 ## - بيان العنوان | |
| العنوان | مدخل إلى فلسفة الحضارة الإنسانية ،أو، مقال فى الإنسان / |
| بيان المسئوليه,etc | أرنست كاسيرر ؛ ترجمة إحسان عباس ؛ مراجعة محمد يوسف نجم |
| 246 ## - العنوان الموازى | |
| عنوان صحيح/عنوان مختصر | مقال فى الإنسان |
| 260 ## - PUBLICATION, DISTRIBUTION, ETC. (IMPRINT) | |
| مكان الناشر او الموزع | بيروت : |
| اسم الناشر او الموزع | دار الاندلس ، |
| تاريخ النشر أو التوزيع | 1961. |
| 300 ## - الوصف المادى | |
| التعداد | 414 ص ؛ |
| أبعاد الوعاء | 24 سم. |
| 504 ## - تبصرة ببليوجرافية | |
| تبصرة ببليوجرافية,الخ | يحتوى على إرجاعات ببليوجرافية |
| 541 ## - تبصرة المصدر المباشر للتزويد | |
| مصدر التزويد | ألف باء ؛ |
| طريقة التزويد | شراء ؛ |
| 650 ## - المدخل الاضافى بالموضوع-مصطلح موضوعى | |
| 9 (RLIN) | 17461 |
| مصطلح موضوعي أو اسم جغرافي كعنصر مدخل | الأنثروبولوجيا الفلسفية |
| 700 ## - المدخل الاضافى - اسم شخصى | |
| 9 (RLIN) | 17454 |
| الإسم الشخصى | عباس ، إحسان |
| الدور | ترجمة |
| 700 ## - المدخل الاضافى - اسم شخصى | |
| 9 (RLIN) | 17455 |
| الإسم الشخصى | نجم ، محمد يوسف |
| الدور | مراجعة |
| 942 ## - عناصر المدخل الإضافي( كوها) | |
| مصدر التصنيف او مخطط الترفيف | Dewey Decimal Classification |
| Koha [default] item type | Book - Borrowing |
| حالة التراجع | حالة الفقد | مصدر التصنيف او خطة الترفيف | حالة تلف | ليس للاعارة | مجموعات كوها | المكان الدائم | المكان الحالي | موقع الترفيف | تاريخ الاكتساب | Source of acquisition | رقم الاستدعاء | الباركود | Date last seen | نوع الوعاء |
|---|---|---|---|---|---|---|---|---|---|---|---|---|---|---|
| Dewey Decimal Classification | Alef-Baa | Central Library | Central Library | Lower Floor | 25/07/2010 | 128 م د خ | 000021611 | 15/07/2025 | Book - Borrowing |